Nobelovský maratón objavov
Krátke profily nositeľov Nobelovej ceny za rok 2002 v oblasti ekonómie, chémie, medicíny a fyziky.
Guardado en:
| Autor principal: | |
|---|---|
| Formato: | Capítulo de libro |
| Lenguaje: | eslovaco |
| Materias: | |
| Etiquetas: |
Sin Etiquetas, Sea el primero en etiquetar este registro!
|
MARC
| LEADER | 00000naa a2200000 4500 | ||
|---|---|---|---|
| 001 | r046846 | ||
| 005 | 20230908084250.2 | ||
| 041 | 0 | |a slo | |
| 044 | |a SK | ||
| 245 | 1 | 0 | |a Nobelovský maratón objavov |c Ľubomír Jurina |
| 520 | |a Krátke profily nositeľov Nobelovej ceny za rok 2002 v oblasti ekonómie, chémie, medicíny a fyziky. | ||
| 610 | 2 | 0 | |a Nobelova cena |
| 610 | 2 | 0 | |a ekonómia |
| 610 | 2 | 0 | |a chémia |
| 610 | 2 | 0 | |a medicína |
| 610 | 2 | 0 | |a fyzika |
| 610 | 2 | 0 | |a 2002 |
| 100 | 1 | |a Jurina, Ľubomír | |